000 00762nam a2200229Ii 4500
003 JO-AjNU
008 230605s9999||||xx |||||||||||||| ||und||
017 _a2015/1/292
020 _a978-9957-98-103-7
040 _aJO-AjNU
_bara
_erda
_cJO-AjNU
041 _aara
050 1 4 _aDT96.N3436 2019
100 3 _aالنهار، عمار محمد,
_eauthor
_960784
245 0 0 _aمصر وبلاد الشام في عصر المماليك
250 _aط1
264 3 1 _aعمان: دار الاعصار العلمي للنشر والتوزيع، 2019
300 _a409ص
336 _atext
_btxt
_2rdacontent
337 _aunmediated
_bn
_2rdamedia
338 _avolume
_bnc
_2rdacarrier
650 4 _aمصر-بلاد الشام-المماليك1250-1517
_960785
999 _aA27432
_c31000
_d31000